| 000 | 00595nam a2200193Ia 4500 | ||
|---|---|---|---|
| 003 | OSt | ||
| 005 | 20240927122429.0 | ||
| 008 | 210210b1993 xxu||||| |||| 00| 0 eng d | ||
| 040 | _cAL | ||
| 041 | _aKannada | ||
| 082 | _aK894.3 RADN | ||
| 100 |
_aRADHADEVI (H G). _9140122 _dರಾಧಾದೇವಿ (ಹೆಚ್ ಜಿ) |
||
| 245 |
_aNinna gejje ..... nanna hejje. _bನಿನ್ನ ಗೆಜ್ಜೆ ... ನನ್ನ ಹೆಜ್ಜೆ |
||
| 260 |
_aBengaluru _bRajalakshmi Prakashana _c1993 |
||
| 300 | _a220 | ||
| 690 |
_aKannada Fiction _9140123 |
||
| 906 | _a047884 | ||
| 942 |
_2ddc _cBK |
||
| 999 |
_c96612 _d96612 |
||